<?xml version="1.0" encoding="UTF-8"?>
<record
    xmlns:xsi="http://www.w3.org/2001/XMLSchema-instance"
    xsi:schemaLocation="http://www.loc.gov/MARC21/slim http://www.loc.gov/standards/marcxml/schema/MARC21slim.xsd"
    xmlns="http://www.loc.gov/MARC21/slim">

  <leader>01282nam a2200301   4500</leader>
  <datafield tag="952" ind1=" " ind2=" ">
    <subfield code="a">0001</subfield>
    <subfield code="b">0001</subfield>
    <subfield code="d">2019-04-29</subfield>
    <subfield code="l">0</subfield>
    <subfield code="o">616.8914 D34&#xE7; 2017</subfield>
    <subfield code="p">006265</subfield>
    <subfield code="r">2019-04-29 00:00:00</subfield>
    <subfield code="w">2019-04-29</subfield>
    <subfield code="y">BKS</subfield>
  </datafield>
  <datafield tag="999" ind1=" " ind2=" ">
    <subfield code="c">13203</subfield>
    <subfield code="d">13203</subfield>
  </datafield>
  <controlfield tag="003">MIRAKIL</controlfield>
  <controlfield tag="005">20190429113235.0</controlfield>
  <controlfield tag="008">190429b        tu ||||| |||| 00| 0 tur d</controlfield>
  <datafield tag="020" ind1=" " ind2=" ">
    <subfield code="a">9786053994978</subfield>
  </datafield>
  <datafield tag="040" ind1=" " ind2=" ">
    <subfield code="a">TR-AnCHP</subfield>
    <subfield code="c">TR-AnCHP</subfield>
  </datafield>
  <datafield tag="041" ind1=" " ind2=" ">
    <subfield code="a">tur</subfield>
  </datafield>
  <datafield tag="082" ind1=" " ind2=" ">
    <subfield code="a">616.8914</subfield>
    <subfield code="b">D34&#xE7; 2017</subfield>
  </datafield>
  <datafield tag="100" ind1=" " ind2=" ">
    <subfield code="a">Delgado, Sergio V.</subfield>
  </datafield>
  <datafield tag="245" ind1="1" ind2="0">
    <subfield code="a">&#xC7;ocuk ve ergenler i&#xE7;in &#xE7;a&#x11F;da&#x15F; psikodinamik psikoterapi :</subfield>
    <subfield code="b">&#xD6;zellikleraras&#x131;l&#x131;k ile sinirbilimi b&#xFC;t&#xFC;nle&#x15F;tirmek /</subfield>
    <subfield code="c">Sergio V. Delgado,  Jeffrey R. strawn, Ernest V. Pedapati ; &#xE7;evirenler Hilal Akekmek&#xE7;i - Ufuk Tura - Renan Kahyao&#x11F;lu</subfield>
  </datafield>
  <datafield tag="260" ind1=" " ind2=" ">
    <subfield code="a">&#x130;stanbul :</subfield>
    <subfield code="b">&#x130;stanbul Bilgi &#xDC;niversitesi Yay&#x131;nlar&#x131;,</subfield>
    <subfield code="c">2017.</subfield>
  </datafield>
  <datafield tag="300" ind1=" " ind2=" ">
    <subfield code="a">xxxviii, 480 s.:</subfield>
    <subfield code="b">res., grf.;</subfield>
    <subfield code="c">23 sm.</subfield>
  </datafield>
  <datafield tag="490" ind1="0" ind2=" ">
    <subfield code="a">&#x130;stanbul Bilgi &#xDC;niversitesi Yay&#x131;nlar&#x131; ;</subfield>
    <subfield code="a">Psikanaliz/psikoloji dizisi ;</subfield>
    <subfield code="v">607.</subfield>
    <subfield code="x">15.</subfield>
  </datafield>
  <datafield tag="504" ind1=" " ind2=" ">
    <subfield code="a">Kaynak&#xE7;a ve dizin vard&#x131;r.</subfield>
    <subfield code="a">Kaynak&#xE7;a b&#xF6;l&#xFC;m sonlar&#x131;ndad&#x131;r.</subfield>
  </datafield>
  <datafield tag="650" ind1=" " ind2="0">
    <subfield code="9">5678</subfield>
    <subfield code="a">Psikanaliz</subfield>
    <subfield code="x"> Felsefe</subfield>
  </datafield>
  <datafield tag="650" ind1=" " ind2="0">
    <subfield code="9">5679</subfield>
    <subfield code="a"> &#xC7;ocuk psikopatolojisi</subfield>
  </datafield>
  <datafield tag="650" ind1=" " ind2="0">
    <subfield code="9">5680</subfield>
    <subfield code="a">&#xC7;ocuklar i&#xE7;in psikodinamik psikoterapi</subfield>
  </datafield>
  <datafield tag="700" ind1=" " ind2=" ">
    <subfield code="9">5681</subfield>
    <subfield code="a">Strawn, Jeffrey R.</subfield>
  </datafield>
  <datafield tag="700" ind1=" " ind2=" ">
    <subfield code="9">5682</subfield>
    <subfield code="a">Pedapati, Ernest V.</subfield>
  </datafield>
  <datafield tag="700" ind1=" " ind2=" ">
    <subfield code="9">5683</subfield>
    <subfield code="a">Akekmek&#xE7;i, Hilal</subfield>
    <subfield code="e">&#xE7;ev.</subfield>
  </datafield>
  <datafield tag="700" ind1=" " ind2=" ">
    <subfield code="9">5684</subfield>
    <subfield code="a">Tura, Ufuk</subfield>
    <subfield code="e">&#xE7;ev.</subfield>
  </datafield>
  <datafield tag="700" ind1=" " ind2=" ">
    <subfield code="9">5685</subfield>
    <subfield code="a">Kahyao&#x11F;lu, Renan </subfield>
    <subfield code="e">&#xE7;ev.</subfield>
  </datafield>
  <datafield tag="942" ind1=" " ind2=" ">
    <subfield code="2">ddc</subfield>
    <subfield code="c">BKS</subfield>
  </datafield>
</record>
